[Event "Titled Tuesday intern op 23rd Nov"]
[Site "Chess.com INT"]
[Date "2021.11.23"]
[Round "8"]
[White "Itkis, Boris"]
[Black "Mazi, Leon"]
[Result "0-1"]
[WhiteElo "2343"]
[BlackElo "2346"]
[PlyCount "74"]
[EventDate "2021.11.23"]
[EventType "swiss (blitz)"]
[EventRounds "11"]
[EventCountry "USA"]
[SourceTitle "CBM 205 Extra"]
[Source "ChessBase"]
[SourceDate "2022.01.31"]
[SourceVersion "1"]
[SourceVersionDate "2022.01.31"]
[SourceQuality "1"]

1. c4 e5 2. Nc3 Nf6 3. Nf3 Nc6 4. e4 Bc5 5. Nxe5 Nxe5 6. d4 Bb4 7. dxe5 Nxe4 8. Qf3 Nxc3 9. bxc3 Bc5 10. Qg3 Kf8 11. Bd3 d6 12. Bg5 Qe8 13. 0-0 dxe5 14. Be4 c6 15. Rad1 f6 16. Be3 Bxe3 17. Qxe3 Be6 18. Rd6 Qe7 19. Rfd1 Kf7 20. c5 Rad8 21. a4 g6 22. f4 exf4 23. Qxf4 Kg7 24. R1d2 Rhe8 25. Bf3 Bd5 26. Re2 Qf7 27. Bxd5 cxd5 28. Rxe8 Rxe8 29. Qd2 Re5 30. h3 h5 31. c4 dxc4 32. Qd4 Re7 33. g4 hxg4 34. hxg4 g5 35. Kg2 Rc7 36. Qe4 Qe7 37. Qxc4 Qxd6 0-1

[Event "Titled Tuesday intern op 23rd Nov"]
[Site "Chess.com INT"]
[Date "2021.11.23"]
[Round "11"]
[White "Mazi, Leon"]
[Black "Vakhlamov, Igor L"]
[Result "0-1"]
[WhiteElo "2346"]
[BlackElo "2413"]
[PlyCount "102"]
[EventDate "2021.11.23"]
[EventType "swiss (blitz)"]
[EventRounds "11"]
[EventCountry "USA"]
[SourceTitle "CBM 205 Extra"]
[Source "ChessBase"]
[SourceDate "2022.01.31"]
[SourceVersion "1"]
[SourceVersionDate "2022.01.31"]
[SourceQuality "1"]

1. e4 c5 2. Nf3 g6 3. d4 cxd4 4. Nxd4 Bg7 5. c4 Nf6 6. Nc3 0-0 7. Be2 Nc6 8. Nc2 d6 9. 0-0 Nd7 10. Be3 Nc5 11. Qd2 Bxc3 12. Qxc3 Nxe4 13. Qd3 Bf5 14. Nd4 Nxf2 15. Qa3 Nxd4 16. Bxd4 Ne4 17. Qe3 e5 18. Bxa7 Qg5 19. a4 Rfc8 20. Qxg5 Nxg5 21. Bb6 Be6 22. b3 d5 23. c5 Ne4 24. b4 Nc3 25. Bd1 Bd7 26. a5 Bb5 27. Re1 Re8 28. Bb3 Kg7 29. Bc7 f6 30. g4 Ra6 31. g5 Ne2+ 32. Kf2 Nf4 33. Bc2 Rae6 34. gxf6+ Kxf6 35. Kg3 Ne2+ 36. Kf2 Nd4 37. Bd1 e4 38. Ra3 Nf5 39. Rh3 h5 40. Kg1 d4 41. Bb3 R6e7 42. Bf4 e3 43. Rf3 Bc6 44. Rff1 g5 45. Bd6 Re4 46. Bc2 Rg4+ 47. Bg3 Be4 48. Bd1 Rxg3+ 49. hxg3 Kg6 50. g4 hxg4 51. Bxg4 Ng3 0-1

[Event "SLO-chT 31st"]
[Site "Ljubljana"]
[Date "2021.09.25"]
[Round "8.3"]
[White "Mazi, Leon"]
[Black "Djuric, Petar2222"]
[Result "1-0"]
[WhiteElo "2345"]
[BlackElo "2206"]
[PlyCount "113"]
[EventDate "2021.09.10"]
[EventType "team-tourn"]
[EventRounds "9"]
[EventCountry "SLO"]
[SourceTitle "CBM 204 Extra"]
[Source "ChessBase"]
[SourceDate "2021.11.30"]
[SourceVersion "1"]
[SourceVersionDate "2021.11.30"]
[SourceQuality "1"]
[WhiteTeam "Kranj Tomo Zupan"]
[BlackTeam "Kranj Stari Mayr"]
[WhiteTeamCountry "SLO"]
[BlackTeamCountry "SLO"]

1. e4 c5 2. Nf3 Nc6 3. d4 cxd4 4. Nxd4 g6 5. c4 Bg7 6. Be3 Nf6 7. Nc3 d6 8. Be2 0-0 9. 0-0 Bd7 10. Qd2 Nxd4 11. Bxd4 a5 12. b3 Bc6 13. f3 Nd7 14. Be3 Nc5 15. Rab1 Qb6 16. Rfc1 Rfc8 17. Bd1 Qd8 18. a3 Qe8 19. b4 axb4 20. axb4 Na4 21. Bxa4 Bxc3 22. Rxc3 Rxa4 23. b5 Bd7 24. c5 Be6 25. Bh6 Qd8 26. cxd6 Qxd6 27. Rxc8+ Bxc8 28. Qxd6 exd6 29. Rc1 Ra8 30. Rc7 f5 31. Rg7+ Kh8 32. exf5 gxf5 33. Rc7 b6 34. Be3 Be6 35. Bxb6 Ra1+ 36. Kf2 Rb1 37. Bd4+ Kg8 38. b6 Bd5 39. Rg7+ Kf8 40. Rxh7 Ke8 41. Rc7 f4 42. Ke2 Rb4 43. Kd3 Rb1 44. Kc2 Rb4 45. Bf2 Kd8 46. Rg7 Kc8 47. h4 Ra4 48. Kc3 Ra2 49. Be1 Ra3+ 50. Kd4 Be6 51. Bb4 Rb3 52. Bxd6 Rxb6 53. Bxf4 Rb4+ 54. Ke5 Bb3 55. Bg5 Rb5+ 56. Kf4 Bd5 57. h5 1-0

[Event "Solta op 4th"]
[Site "Grohote"]
[Date "2021.08.09"]
[Round "3"]
[White "Mazi, Leon"]
[Black "Berke, Ana"]
[Result "1/2-1/2"]
[WhiteElo "2327"]
[BlackElo "2179"]
[PlyCount "135"]
[EventDate "2021.08.08"]
[EventType "swiss"]
[EventRounds "9"]
[EventCountry "CRO"]
[SourceTitle "CBM 203 Extra"]
[Source "ChessBase"]
[SourceDate "2021.09.30"]
[SourceVersion "1"]
[SourceVersionDate "2021.09.30"]
[SourceQuality "1"]

1. e4 c5 2. Nf3 d6 3. d4 cxd4 4. Qxd4 a6 5. Be2 Nc6 6. Qe3 Nf6 7. h3 g6 8. 0-0 Bg7 9. Rd1 Qc7 10. c4 0-0 11. Nc3 Be6 12. Rb1 Na5 13. b3 Rfc8 14. Bb2 Rab8 15. Rbc1 b6 16. Nd5 Bxd5 17. cxd5 Qa7 18. b4 Nb7 19. Bd4 Nd7 20. Bxg7 Kxg7 21. Nd4 Nd8 22. Rc3 Rxc3 23. Qxc3 Nf6 24. Bd3 Qb7 25. Rc1 Qa8 26. f3 b5 27. Bf1 Rb7 28. Kh2 Qa7 29. Rc2 Qb6 30. Nb3 e5 31. dxe6 fxe6 32. Qd4 Qxd4 33. Nxd4 Kf7 34. Nc6 Nxc6 35. Rxc6 d5 36. e5 Nd7 37. f4 Rb6 38. Rc8 Rb8 39. Rc7 Ke7 40. Bd3 Kd8 41. Ra7 Rb6 42. h4 Rc6 43. h5 gxh5 44. Bxh7 Rc4 45. Kg3 Rxb4 46. Rxa6 h4+ 47. Kf3 Nc5 48. Ra7 Ne4 49. Bg8 Nc5 50. f5 exf5 51. Bxd5 Rd4 52. Bc6 b4 53. Ra5 Ne6 54. Ke3 Rg4 55. Bd5 Rg3+ 56. Kf2 Nf4 57. e6 Nxd5 58. Rxd5+ Ke7 59. Rxf5 Ra3 60. Rf4 Rxa2+ 61. Kf3 b3 62. Rxh4 Kxe6 63. Rb4 b2 64. Ke3 Ra3+ 65. Kd2 Rg3 66. Rxb2 Rxg2+ 67. Kc3 Rxb2 68. Kxb2 1/2-1/2